Поплавковый вибрационный гироскоп; Известия вузов. Приборостроение; Т. 8, № 3

গ্রন্থ-পঞ্জীর বিবরন
Parent link:Известия вузов. Приборостроение: научно-технический журнал/ Санкт-Петербургский национальный исследовательский университет информационных технологий, механики и оптики.— , 1958-1991, 1993-.— 0021-3454
Т. 8, № 3.— 1965.— С. 100-103
প্রধান লেখক: Копытов В. И. Владимир Ильич
অন্যান্য লেখক: Студеникин А. И. Альберт Иванович
ভাষা:রুশ
প্রকাশিত: 1965
বিষয়গুলি:
বিন্যাস: গ্রন্থের অধ্যায়
KOHA link:https://koha.lib.tpu.ru/cgi-bin/koha/opac-detail.pl?biblionumber=593467

MARC

LEADER 00000naa2a2200000 4500
001 593467
005 20231102022426.0
035 |a (RuTPU)RU\TPU\tpu\6835 
090 |a 593467 
100 |a 20011210a1965 k y0rusy50 ca 
101 0 |a rus 
102 |a RU 
200 1 |a Поплавковый вибрационный гироскоп  |f В. И. Копытов, А. И. Студеникин 
461 1 |0 (RuTPU)RU\TPU\prd\1504  |x 0021-3454  |t Известия вузов. Приборостроение  |o научно-технический журнал  |f Санкт-Петербургский национальный исследовательский университет информационных технологий, механики и оптики  |d 1958-1991, 1993- 
463 1 |0 (RuTPU)RU\TPU\prd\169759  |t Т. 8, № 3  |v С. 100-103  |d 1965 
610 1 |a машиностроение 
610 1 |a приборостроение 
610 1 |a поплавковые гироскопы 
610 1 |a вибрационные гироскопы 
610 1 |a труды учёных ТПУ 
700 1 |a Копытов  |b В. И.  |c российский ученый, физик  |c заслуженный профессор Томского политехнического университета  |c профессор-консультант Томского политехнического университета, доктор технических наук  |f 1929-  |g Владимир Ильич  |2 stltpush  |3 (RuTPU)RU\TPU\pers\19805 
701 1 |a Студеникин  |b А. И.  |c доцент кафедры ГПиУ ТПИ в 1973-1978 гг.  |g Альберт Иванович  |2 stltpush  |3 (RuTPU)RU\TPU\pers\26594  |9 12277 
801 0 |a RU  |b 63413507  |c 20011210  |g PSBO 
801 2 |a RU  |b 63413507  |c 20221128  |g PSBO 
942 |c BK